000 00413nam a22001577a 4500
003 OSt
005 20220224104837.0
008 220224b |||||||| |||| 00| 0 eng d
020 _a92-4-154587-9
040 _aDDC
_cHU
082 _21ST
_a618.3
_b6
245 _aMANAGING COMPLICATIONS IN PREGNANCY AND CHILDBRITH
250 _a1ST
260 _aGENEVA
_bWORLD HEALTH ORGANIZATION
_c2007
942 _2ddc
_cBOOKS
_n0
999 _c31556
_d31556